Artificial intelligence : (Record no. 51321)

MARC details
000 -LEADER
fixed length control field 00722nam a2200241Ia 4500
005 - DATE AND TIME OF LATEST TRANSACTION
control field 20260429111909.0
008 - FIXED-LENGTH DATA ELEMENTS--GENERAL INFORMATION
fixed length control field 260429s9999||||xx |||||||||||||| ||und||
020 ## - INTERNATIONAL STANDARD BOOK NUMBER
International Standard Book Number 9781041203339
041 ## - LANGUAGE CODE
Language English
082 ## - DEWEY DECIMAL CLASSIFICATION NUMBER
Classification number 006.3
Item number PRI
100 ## - MAIN ENTRY--PERSONAL NAME
Personal name Priyadarshini, Rashmi
245 #0 - TITLE STATEMENT
Title Artificial intelligence :
Remainder of title application and innovations /
Statement of responsibility, etc Rashmi Priyadarshini
250 ## - EDITION STATEMENT
Edition statement 1st ed.
260 ## - PUBLICATION, DISTRIBUTION, ETC. (IMPRINT)
Place of publication, distribution, etc Boca Raton :
Name of publisher, distributor, etc CRC Press,
Date of publication, distribution, etc 2023.
300 ## - PHYSICAL DESCRIPTION
Extent xxiii, 276 p.; hb
440 ## - SERIES STATEMENT/ADDED ENTRY--TITLE
Title Distributed computing and intelligent data analytics series
650 ## - SUBJECT ADDED ENTRY--TOPICAL TERM
Topical term or geographic name as entry element Artificial intelligence
650 ## - SUBJECT ADDED ENTRY--TOPICAL TERM
Topical term or geographic name as entry element Computer science
700 ## - ADDED ENTRY--PERSONAL NAME
Personal name Mehra, RM
700 ## - ADDED ENTRY--PERSONAL NAME
Personal name Sehgal, Amit
700 ## - ADDED ENTRY--PERSONAL NAME
Personal name Singh, Prabhu Jyot
942 ## - ADDED ENTRY ELEMENTS (KOHA)
Koha item type Text Books
Holdings
Withdrawn status Lost status Damaged status Not for loan Collection code Home library Location Shelving location Date of Cataloging Source of acquisition Total Checkouts Full call number Barcode Date last seen Price effective from Koha item type
        Non-fiction CUTN Central Library CUTN Central Library Generalia 29/04/2026 Shanti Books, Chennai - Invoice No. 3100 on 09-02-2026   006.3 PRI 56266 29/04/2026 29/04/2026 Text Books